000 00325nam a2200133Ia 4500
008 240624s9999 xx 000 0 und d
041 _aeng
082 _a647.94 GHO
100 _aGHOSHAL SUJIT
245 _aHOTEL ENGINEERING
260 _c2011
_aNew Delhi
_bOxford
300 _axiv, : 438 : p. : cm. ; 26
365 _cRS
_b31
999 _c24835
_d24835